000
00329nam a22001337a 4500
008
250428b |||||||| |||| 00| 0 eng d
020
_a
9788131103241
050
_a
PN 50
_b
.S56
100
_a
Sinha.P.K
245
_a
History Of Early Modern Literature
260
_a
New Delhi
_b
Common Wealth
_c
2018
300
_a
277p.
942
_c
BK
999
_c
3234
_d
3234